सुभाषचन्द्र बोसः (Record no. 28340)
[ view plain ]
| 000 -LEADER | |
|---|---|
| fixed length control field | 01337nam a22002657a 4500 |
| 005 - DATE AND TIME OF LATEST TRANSACTION | |
| control field | 20090716155036.0 |
| 008 - FIXED-LENGTH DATA ELEMENTS--GENERAL INFORMATION | |
| fixed length control field | 090714t xxu||||| |||| 00| 0 hin d |
| 010 ## - LCCN (DPL NO) | |
| LC control number | HIN-87305 |
| 020 ## - INTERNATIONAL STANDARD BOOK NUMBER | |
| Terms of availability | 750.00 |
| International Standard Book Number | 9788186208618 |
| 035 ## - SYSTEM CONTROL NUMBER | |
| System control number | HN-59651 |
| 037 ## - SOURCE OF ACQUISITION | |
| Source of stock number/acquisition | DBAD / PUB |
| 040 ## - CATALOGING SOURCE | |
| Original cataloging agency | dpl |
| Language of cataloging | hn |
| 082 ## - DEWEY DECIMAL CLASSIFICATION NUMBER | |
| Classification number | 954.0841092 |
| 100 ## - MAIN ENTRY--PERSONAL NAME | |
| Personal name | |
| 245 ## - TITLE STATEMENT | |
| Title | सुभाषचन्द्र बोसः |
| Remainder of title | रोमिला चावला द्वारा संपादित |
| 246 ## - VARYING FORM OF TITLE | |
| Title proper/short title | Subhash Chandra Bose: jiivanii aura darshana |
| Remainder of title | by Romila Chawla |
| 260 ## - PUBLICATION, DISTRIBUTION, ETC. (IMPRINT) | |
| Place of publication, distribution, etc | नई दिल्ली |
| Name of publisher, distributor, etc | राज पब्लिकेशन्स |
| Date of publication, distribution, etc | 2009 |
| 270 ## - ADDRESS | |
| Address | 108, 4855/24, अंसारी रोड दरियागंज |
| City | नई दिल्ली |
| Postal code | 110002 |
| Telephone number | 011-30120939 |
| 300 ## - PHYSICAL DESCRIPTION | |
| Extent | 358पृ.. |
| Other physical details | सचित्र |
| Dimensions | 22सेमी(सजिल्द) |
| 600 ## - SUBJECT ADDED ENTRY--PERSONAL NAME | |
| Personal name | बोस, सुभाषचन्द्र, 1897-1945 |
| General subdivision | जीवनी |
| 600 ## - SUBJECT ADDED ENTRY--PERSONAL NAME | |
| Personal name | Bose, Subhash Chandra, 1897-1945 |
| General subdivision | Biography |
| 700 ## - ADDED ENTRY--PERSONAL NAME | |
| Personal name | चावला, रोमिला |
| 942 ## - ADDED ENTRY ELEMENTS (KOHA) | |
| Source of classification or shelving scheme | Dewey Decimal Classification |
| Item type | Hindi Books |
| Call number suffix | सुभाष |
| Classification part | 954.0841092 |
| Withdrawn status | Lost status | Source of classification or shelving scheme | Damaged status | Not for loan | Home library | Current library | Date acquired | Source of acquisition | Cost, normal purchase price | Total Checkouts | Full call number | Barcode | Date last seen | Copy number | Cost, replacement price | Koha item type |
|---|---|---|---|---|---|---|---|---|---|---|---|---|---|---|---|---|
| Dewey Decimal Classification | Not For Loan | D.B.Act.Division | D.B.Act.Division | 16/07/2009 | DBAD / PUB | 750.00 | 954.0841092 सुभाष | HN-59651 | 16/07/2009 | 1 | 750.00 | Hindi Books |
